| 000 | 00000nam 2200000zi 4500 |
| 001 | 9.946710 |
| 003 | CaOODSP |
| 005 | 20250123124638 |
| 006 | m o d f |
| 007 | cr |n||||||||| |
| 008 | 250110s1948 oncade o f000 0 eng d |
| 040 | |aCaOODSP|beng|erda|cCaOODSP |
| 043 | |an-cn-on |
| 086 | 1 |aA52-207/1948E-PDF |
| 086 | 1 |zA51-134E-PDF |
| 100 | 1 |aKnights, J. K., |eauthor. |
| 245 | 10|aDistrict Experiment Substation, Fort William, Ontario and associated illustration stations in the Kenora and Rainy River Districts : |bprogress report, 1937-1947 / |cJ. K. Knights, Supervisor ; Division of Illustration Stations, J. C. Moynan, Chief Supervisor. |
| 264 | 1|a[Ottawa] : |bDivision of Illustration Stations, |c[1948] |
| 300 | |a1 online resource (48 pages) : |billustrations, chart, plan |
| 336 | |atext|btxt|2rdacontent |
| 337 | |acomputer|bc|2rdamedia |
| 338 | |aonline resource|bcr|2rdacarrier |
| 500 | |aDigitized edition from print [provided by Agriculture and Agri-Food Canada]. |
| 610 | 25|aDistrict Experiment Substation (Fort William, Ontario) |
| 650 | 0|aAgricultural experiment stations|zOntario, Northern. |
| 650 | 6|aStations agronomiques|zOntario (Nord-Ouest) |
| 710 | 1 |aCanada. |bDivision of Illustration Stations, |eissuing body. |
| 856 | 40|qPDF|s8.15 MB|uhttps://publications.gc.ca/collections/collection_2025/aac-aafc/A51-134-1947-eng.pdf |
| 986 | |a19639—J |